35 câu hỏi về ương nuôi cá giống nước ngọt.

Guardat en:
Dades bibliogràfiques
Autor principal: Phạm, Văn Trang
Format: Llibre
Idioma:Undetermined
Publicat: Hà Nội Nông nghiệp 2003
Matèries:
Etiquetes: Afegir etiqueta
Sense etiquetes, Sigues el primer a etiquetar aquest registre!
Thư viện lưu trữ: Trung tâm Học liệu Trường Đại học Cần Thơ
LEADER 00586nam a2200193Ia 4500
001 CTU_63271
008 210402s9999 xx 000 0 und d
020 |b 7000 
082 |a 639.31 
082 |b Tr106 
100 |a Phạm, Văn Trang 
245 0 |a 35 câu hỏi về ương nuôi cá giống nước ngọt. 
245 0 |c Phạm Văn Trang, Trần Văn Vỹ 
260 |a Hà Nội 
260 |b Nông nghiệp 
260 |c 2003 
650 |a Fish culture,Freshwater fishes 
904 |i Mai Loan 
980 |a Trung tâm Học liệu Trường Đại học Cần Thơ